=LDR 00000nam 2200000 4500 =001 INLIS000000000026497 =005 20130612124933 =008 ***********************************ind** =035 ##$$0010-061300000026497 =041 ##$$a ind =082 ##$$a 808.83 =090 ##$$a 808.83, SAR j =100 ##$$a Sartre, Jean-Paul =245 ##$$a Dinding, Jeal-Paul Sartre; penerjemah, Dwi Margo Yuwono, Alexandra =260 ##$$a 2000 $b Yogyakarta =300 ##$$a x, 240 hlm., 21 cm =650 ##$$a Cerita Pendek =700 ##$$a Yuwono, Dwi Margo =850 ##$$a NBPNMAT